|
|
|
|
| LEADER |
00000nab a2200000 a 4500 |
| 001 |
vtls000804709 |
| 003 |
SK-MaSNL |
| 005 |
20260302150606.0 |
| 008 |
160324c xo 0 slo |
| 015 |
|
|
|a SNBRB2002/09-28302
|
| 035 |
|
|
|a CLN000156364
|
| 040 |
|
|
|a SNKBUCL
|b slo
|c SNKBUCL
|e AACR2
|
| 041 |
0 |
|
|a slo
|
| 044 |
|
|
|a xo
|c SK
|
| 080 |
|
|
|a 616.28-008.13-053.2:372.41
|2 1997
|
| 100 |
1 |
|
|a Kúdelová, Ľuba
|4 aut
|9 707422
|
| 245 |
1 |
0 |
|a Problematika čítania s pochopením u sluchovo postihnutých detí
|c Ľuba Kúdelová
|
| 504 |
|
|
|a Bibliogr. odkazy
|
| 650 |
0 |
7 |
|a poruchy sluchu
|x diagnóza
|x psychológia
|x u dojčiat a detí
|2 snkbucl
|9 840578
|
| 650 |
0 |
7 |
|a výchova a vzdelávanie
|x metódy
|x u dojčiat a detí
|2 snkbucl
|9 840579
|
| 650 |
0 |
7 |
|a čítanie
|x u dojčiat a detí
|2 snkbucl
|9 840580
|
| 650 |
0 |
7 |
|a motivácia
|x u mladistvých
|x u dojčiat a detí
|2 snkbucl
|9 840581
|
| 655 |
|
7 |
|a články z novín a časopisov
|2 snkbucl
|9 267496
|
| 773 |
0 |
|
|t Slovenský gong
|g Roč. 8 (28), č. 7-8 (1999), s. 84
|
| 850 |
|
|
|a Slovenská národná knižnica v Martine
|
| 852 |
|
|
|a SNK
|b KIS3GCP
|
| 958 |
|
|
|a MI
|
| 958 |
|
|
|a NB
|
| 958 |
|
|
|a RBX
|
| 999 |
|
|
|c 1357650
|d 1359580
|